| 000 | 00404nam a22001697a 4500 | ||
|---|---|---|---|
| 003 | CEME | ||
| 005 | 20210628203714.0 | ||
| 008 | 210317b xxu||||| |||| 00| 0 eng d | ||
| 020 | _a0-906048-13-3 | ||
| 040 | _c. | ||
| 082 | _a621.381528 WOO'T | ||
| 100 |
_aWoolvet, G. A _966943 |
||
| 245 | _aTransmission in digital systems | ||
| 260 |
_aNEWYORK _bPETER _c1977 |
||
| 300 | _a193P | ||
| 942 |
_cBK _2ddc |
||
| 999 |
_c574802 _d574802 |
||